Sports Quiz

Random Sports or NBA Quiz

2010-2011 NBA Players Alma Maters Quiz Stats

 Plays Quiz not verified by Sporcle

Support Sporcle.
Go Orange.
Score 0/200 Timer 15:00
0 Plays Today
Player College % Correct
Joakim NoahFlorida
81.1%
Tim DuncanWake Forest
81.1%
Kevin DurantTexas
80.7%
Blake GriffinOklahoma
80.4%
Chris PaulWake Forest
80.4%
Dwayne WadeMarquette
80.4%
Emeka OkaforConnecticut
80.4%
John WallKentucky
80.4%
Tyler HansbroughNorth Carolina
80.4%
Shaquille O'NealLSU
80.1%
Raymond FeltonNorth Carolina
80.1%
Roy HibbertGeorgetown
80.1%
Shane BattierDuke
80.1%
Vince CarterUNC
79.8%
O.J. MayoUSC
79.8%
Evan TurnerOhio St
79.8%
Michael BeasleyKansas St
79.5%
Luol DengDuke
79.2%
Carmelo AnthonySyracuse
78.9%
Derrick RoseMemphis
78.9%
Kevin LoveUCLA
78.9%
Stephen CurryDavidson
78.6%
Brook LopezStanford
78.6%
Deron WilliamsIllinois
78.3%
Ray AllenUconn
78%
D.J. AugustinTexas
78%
Grant HillDuke
77.6%
Al HorfordFlorida
77.6%
Robin LopezStanford
77.6%
DeMarcus CousinsKentucky
77.6%
Corey BrewerFlorida
77.6%
Rajon RondoKentucky
77.6%
Paul PierceKansas
77.3%
Andrew BogutUtah
77%
Mike ConleyOhio St
77%
Elton BrandDuke
77%
DeJuan BlairPitt
76.7%
Jordan FarmarUCLA
76.4%
LaMarcus AldridgeTexas
76.4%
Brandon RoyWashington
76.1%
Carlos BoozerDuke
76.1%
Chris BoshGeorgia Tech
75.8%
Eric GordonIndiana
75.8%
Jameer NelsonSaint Josephs
75.2%
James HardenArizona St
75.2%
Gordon HaywardButler
75.2%
Ben GordonUconn
75.2%
Jrue HolidayUCLA
74.5%
Kirk HinrichKansas
74.5%
Luke HarangodyNotre Dame
74.2%
Rudy GayConnecticut
74.2%
Tyreke EvansMemphis
73.9%
Steve NashSanta Clara
73.9%
Greg MonroeGeorgetown
73.6%
Jason KiddCal
73.6%
Kenyon MartinCincinnati
73.6%
Jeff GreenGeorgetown
73.3%
Hakim WarrickSyracuse
73%
Luc Richard Mbah a MouteUCLA
73%
Mike BibbyArizona
72.7%
Nate RobinsonWashington
72.4%
Chauncey BillupsColorado
72.4%
Tyrus ThomasLSU
72%
Antawn JamisonNorth Carolina
72%
Arron AfflaloUCLA
71.4%
Acie LawTexas A&M
71.1%
Jarrett JackGeorgia Tech
71.1%
Player College % Correct
Devin HarrisWisconsin
70.8%
Randy FoyeVillanova
70.8%
David LeeFlorida
70.2%
Aaron BrooksOregon
69.9%
Juwan HowardMichigan
69.6%
Marcus CambyUmass
69.3%
Ron ArtestSt. Johns
69.3%
Andre IguodalaArizona
69.3%
DeMar DeRozanUSC
68.6%
David WestXavier
68%
Wesley JohnsonSyracuse
68%
Luke RidnourOregon
68%
Channing FryeArizona
68%
Jason RichardsonMichigan St
67.7%
Jared DudleyBoston College
67.4%
Delonte WestSaint Joseph's
67.4%
Jeff TeagueWake Forest
67.4%
Xavier HenryKansas
67.1%
Jodie MeeksKentucky
66.1%
Steve BlakeMaryland
65.8%
Brendan HaywoodNorth Carolina
65.8%
Luther HeadIllinois
65.5%
Lamar OdomRhode Island
64.9%
Michael ReddOhio St
64.9%
Drew GoodenKansas
64.9%
Richard JeffersonArizona
64.9%
Kyle LowryVillanova
64.6%
Shannon BrownMichigan St
63.7%
Jason TerryArizona
63.7%
Danny GrangerNew Mexico
63.4%
Kyle KorverCreighton
63.4%
Trevor ArizaUCLA
63.4%
Joe JohnsonArkansas
63%
Earl ClarkLouisville
61.8%
Zach RandolphMichigan St
61.2%
Josh HowardWake Forest
60.6%
J.J. HicksonNorth Carolina St
60.2%
Terrance WilliamsLouisville
59.9%
Josh ChildressStanford
59.9%
Austin DayeGonzaga
59.9%
Sherron CollinsKansas
59.9%
Patrick MillsSaint Mary's
59.6%
Sam YoungPittsburgh
59.3%
Daniel GibsonTexas
58.7%
Ekpe UdohBaylor
58.4%
Joey DorseyMemphis
58.4%
Eric MaynorVirginia Commonwealth
58.1%
Chris WilcoxMaryland
57.8%
Ronny TuriafGonzaga
57.1%
Daequan CookOhio St
56.8%
Troy MurphyNotre Dame
56.8%
Shawn MarionUNLV
56.5%
Jared JeffriesIndiana
56.5%
Brandon BassLSU
56.2%
Chris KamanCentral Michigan
55.9%
Lance StephensonCincinnati
55.6%
Jamal CrawfordMichigan
55.3%
Jeremy LinHarvard
55.3%
Toney DouglasFlorida St
55%
Aaron GrayPittsburgh
55%
Julian WrightKansas
54.7%
Courtney LeeWestern Kentucky
54.3%
Derek FisherArkansas Little Rock
54.3%
Andre MillerUtah
54.3%
Gerald WallaceAlabama
54%
Ryan GomesProvidence
53.7%
Jason WilliamsFlorida
53.7%
Player College % Correct
Rodney StuckeyEastern Washington
53.4%
DeAndre JordanTexas A&M
53.4%
Trevor BookerClemson
53.1%
D.J. WhiteIndiana
53.1%
Manny HarrisMichigan
53.1%
Hilton ArmstrongConnecticut
53.1%
Wilson ChandlerDePaul
51.9%
Kris HumphriesMinnesota
51.9%
Dante CunninghamVillanova
51.9%
Mo WilliamsAlabama
51.2%
Jason MaxiellCincinnati
50.6%
Paul MillsapLouisiana Tech
49.7%
Jon BrockmanWashington
49.7%
Steve NovakMarquette
49.4%
Samuel DalembertSeton Hall
48.8%
Renaldo BalkmanSouth Carolina
46.6%
Tony AllenOklahoma St
46%
Ryan AndersonCal
44.7%
Carl LandryPurdue
44.1%
Paul GeorgeFresno St
44.1%
Ben WallaceVirginia Union
43.5%
Quentin RichardsonDePaul
43.2%
Jason ThompsonRider
42.5%
Hassan WhitesideMarshall
40.4%
Craig SmithBoston College
39.8%
Matt CarrollNotre Dame
38.2%
John SalmonsMiami (FL)
38.2%
Eduardo NajeraOklahoma
37.6%
Dominique JonesSouth Florida
37.3%
Antonio McDyessAlabama
36.3%
Kevin MartinWestern Carolina
35.7%
Eddie HouseArizona St
35.7%
Joel PrzybillaMinnesota
35.1%
Roger MasonVirginia
34.2%
Brian CardinalPurdue
32.9%
Craig BrackinsIowa St
32.9%
Reggie EvansIowa
32.3%
Theo RatliffWyoming
32%
Anthony MorrowGeorgia Tech
32%
Jose Juan BareaNortheastern
31.7%
Carlos ArroyoFlorida International
31.4%
Earl BoykinsEastern Michigan
30.7%
Marquis DanielsAuburn
30.7%
Linas KleizaMissouri
30.4%
Sonny WeemsArkansas
30.1%
Etan ThomasSyracuse
29.5%
James JonesMiami (FL)
29.5%
James PoseyXavier
28.9%
Jason SmithColorado St
28%
Chris AndersonBlinn College
27.3%
Kurt ThomasTCU
27.3%
C.J. WatsonTennessee
26.1%
Erick DampierMississippi St
24.8%
Anthony CarterHawaii
23.6%
Joel AnthonyUNLV
23%
Raja BellFlorida International
21.4%
Gary NealTowson
20.8%
Josh PowellNorth Carolina St
20.5%
Rasual ButlerLaSalle
19.3%
Anthony ParkerBradley
18.9%
Louis AmundsonUNLV
18.9%
Tony BattieTexas Tech
18.9%
Malik AllenVillanova
16.5%
Anthony TolliverCreighton
15.2%
Jeff FosterSW Texas State
12.4%
Ben UzohTulsa
10.9%

You're not logged in!

Compare scores with friends on all Sporcle quizzes.
OR
Log In

From the Vault

8 to 1: Common Nouns in Song Titles

by themightymoosh

It doesn't hit you how many songs have similar titles until it's thrown in front of you.
Remove Ads.
Support Sporcle.
Get the best of Sporcle when you Go Orange. This ad-free experience offers more features, more stats, and more fun while also helping to support Sporcle. Thank you for becoming a member.

Show Comments

Extras

Top Quizzes Today


Score Distribution

Your Account Isn't Verified!

In order to create a playlist on Sporcle, you need to verify the email address you used during registration. Go to your Sporcle Settings to finish the process.

Report this User

Report this user for behavior that violates our Community Guidelines.

Details: